| 000 | 01085nam a22001935i 4500 | ||
|---|---|---|---|
| 001 | 165484 | ||
| 003 | ES-MaACL | ||
| 005 | 20250902100245.0 | ||
| 008 | 990701s1874 sp d |||| | spa d | ||
| 080 | _a061.235(460.27 M.).055.5 | ||
| 110 | 2 |
_aReal Sociedad Económica Matritense de Amigos del País. _96389 |
|
| 245 | 1 | 0 |
_aResumen de sus actas y de sus tareas en el año 1873, leído en la sesión de 17 de enero de 1874 / _cpor el secretario general D. Juan de Tro y Ortolano . _bLista del personal oficial... Lista alfabética de las sociedades económicas de amigos del país del reino... Lista de las obras adquiridas por diferentes conceptos para su biblioteca en 1873. |
| 260 |
_aMadrid : _b[s.n.], _c1874 ( _fTip. del Colegio Nacional de Sordo-Mudos y de Ciegos) |
||
| 300 |
_aXX, 111 p. ; _c27 cm. |
||
| 610 | 2 | 7 |
_aReal Sociedad Económica Matritense de Amigos del País- _vMemorias _2 _9145026 |
| 700 | 1 |
_aTro y Ortolano, Juan de. _9133384 |
|
| 852 | 4 |
_aES-MaACL _jT-162-F-2 _z- Enc. hol., conservando cub. original _z- Enc. en un vol. facticio |
|
| 999 |
_c165484 _d165484 |
||